Oceania Capitals - 15 Second Sprint - Statistics

General Stats
  • This quiz has been taken 12 times
  • The average score is 5 of 14
Answers on the Map
Answers color-coded by a green-red scale on the quiz's map according to % correct below.
 
Answer Stats
Answer % Correct
Canberra
100%
Wellington
100%
Port Moresby
64%
Apia
36%
Honiara
36%
Suva
36%
Ngerulmud
27%
Nukuʻalofa
27%
Palikir
18%
Majuro
9%
Port Vila
9%
South Tarawa
9%
Yaren
9%
Funofiti
0%
No matching quizzes found
Score Distribution
Percent of People with Each Score
Percentile by Number Answered
Your Score History
You have not taken this quiz